000 00627nam a22002057a 4500
999 _c15024
_d15024
003 AR-CdUCM
008 190425b ||||| |||| 00| 0 spa d
020 _a978-84-236-9820-2
040 _aMUNICIPALIDAD PROVINCIAL DEL CUSCO
_cBIBLIOTECA MUNICIPAL DEL CUSCO
082 _27ed.
_aPI / 376.12 /
_bC97
100 _aCuxart, Bernadette
_934032
245 _aModela tus animales /
260 _aBarcelona :
_bEdebé,
_c2010.
300 _a95 páginas ;
_c27 cm.
_bIlustración,
650 _aModelados
_934033
650 _aEntretenimiento
_915681
650 _aInfancia
_95236
942 _2ddc
_cLIBROS
945 _arah
_d25/04/2019